00324nam a2200133Ia 45000030006000000080041000060400015000471000020000622450046000822600027001283000006001555460012001610050017001730STCL150530s9999 xx 000 0 und d aSTCLcSTCL aAhluwalia, V.K. aComprehensive practical organic chemistry bUniversity pressc2000 a0 aEnglish20220125170321.0